Southville International School and Colleges
Your cart is empty.
  • Cart
  • Lists
    Public lists Eva Luna New books Lux_list list_1
    Your lists Log in to create your own lists
  • Log in to your account
  • Your cookies
  • Search history
Southville International School and Colleges
  • Advanced search
  • Recent comments
  • Most popular
  • Libraries

Log in to your account

Log in with GOOGLE


If you do not have an external account, but do have a local account, you can still log in:

  1. Home
  2. MARC view: Social marketing and social change :
Normal view MARC view ISBD view

Social marketing and social change : (Record no. 283628)

[ view plain ]
MARC details
000 -LEADER
fixed length control field 01961cam a2200385 a 4500
001 - CONTROL NUMBER
control field 17471669
003 - CONTROL NUMBER IDENTIFIER
control field PILC
005 - DATE AND TIME OF LATEST TRANSACTION
control field 20150227081848.0
008 - FIXED-LENGTH DATA ELEMENTS--GENERAL INFORMATION
fixed length control field 120920s2013 caua b 001 0 eng
010 ## - LIBRARY OF CONGRESS CONTROL NUMBER
LC control number 2012038467
020 ## - INTERNATIONAL STANDARD BOOK NUMBER
International Standard Book Number 9780470936849 (pbk.)
020 ## - INTERNATIONAL STANDARD BOOK NUMBER
International Standard Book Number 9781118221501 (ebk.)
020 ## - INTERNATIONAL STANDARD BOOK NUMBER
International Standard Book Number 9781118235249 (ebk.)
020 ## - INTERNATIONAL STANDARD BOOK NUMBER
International Standard Book Number 9781118259962 (ebk.)
035 ## - SYSTEM CONTROL NUMBER
System control number (DNLM)101592527
040 ## - CATALOGING SOURCE
Original cataloging agency DNLM/DLC
Transcribing agency DLC
042 ## - AUTHENTICATION CODE
Authentication code pcc
050 00 - LIBRARY OF CONGRESS CALL NUMBER
Classification number RA 410.56
Item number .L44 2013
060 10 - NATIONAL LIBRARY OF MEDICINE CALL NUMBER
Classification number W 74.1
082 00 - DEWEY DECIMAL CLASSIFICATION NUMBER
Classification number 362.1068/8
100 1# - MAIN ENTRY--PERSONAL NAME
Personal name Lefebvre, R. Craig,
Dates associated with a name 1959-
245 10 - TITLE STATEMENT
Title Social marketing and social change :
Remainder of title strategies and tools for health, well-being, and the environment /
Statement of responsibility, etc R. Craig Lefebvre.
250 ## - EDITION STATEMENT
Edition statement 1st ed.
260 ## - PUBLICATION, DISTRIBUTION, ETC. (IMPRINT)
Place of publication, distribution, etc San Francisco, CA :
Name of publisher, distributor, etc Jossey-Bass,
Date of publication, distribution, etc c2013.
300 ## - PHYSICAL DESCRIPTION
Extent xxiii, 564 pages :
Other physical details illustrations ;
Dimensions 24 cm.
504 ## - BIBLIOGRAPHY, ETC. NOTE
Bibliography, etc Includes bibliographical references (p. [505]-540) and index.
520 ## - SUMMARY, ETC.
Summary, etc "Focusing on the use of marketing principles and techniques to develop population-based health promotion and disease prevention programs, this book features a practical emphasis for incorporating a marketing orientation and marketing techniques to address the diverse range of issues and problems that are encountered in the practice of public health. Its comprehensive view of social marketing includes its research base, its applications to a diverse set of social problems, and the focus on the public health field. The book promotes social marketers as scientists-practitioners who must understand the theory and research of social marketing as it is applied to designing effective social change programs"--Provided by publisher.
521 ## - TARGET AUDIENCE NOTE
Target audience note Business Administration
650 12 - SUBJECT ADDED ENTRY--TOPICAL TERM
Topical term or geographic name as entry element Marketing of Health Services
General subdivision methods.
650 22 - SUBJECT ADDED ENTRY--TOPICAL TERM
Topical term or geographic name as entry element Health Promotion
General subdivision methods.
650 22 - SUBJECT ADDED ENTRY--TOPICAL TERM
Topical term or geographic name as entry element Social Change.
650 22 - SUBJECT ADDED ENTRY--TOPICAL TERM
Topical term or geographic name as entry element Social Marketing.
906 ## - LOCAL DATA ELEMENT F, LDF (RLIN)
a 7
b cbc
c orignew
d 1
e ecip
f 20
g y-gencatlg
942 ## - ADDED ENTRY ELEMENTS (KOHA)
Source of classification or shelving scheme Library of Congress Classification
Koha item type Books
Holdings
Withdrawn status Lost status Source of classification or shelving scheme Damaged status Home library Current library Shelving location Date acquired Source of acquisition Sub Shelving location Total Checkouts Full call number Barcode Date last seen Price effective from Koha item type
    Library of Congress Classification   College Library College Library Reserve Section 02/27/2015 Library Fund     RA 410.56 .L44 2013 C19121 05/15/2018 02/27/2015 Books

Social marketing and social change :

APA

Lefebvre R. C., . (2013). Social marketing and social change. San Francisco, CA: Jossey-Bass.

Chicago

Lefebvre R Craig, . 2013. Social marketing and social change. San Francisco, CA: Jossey-Bass.

Harvard

Lefebvre R. C., . (2013). Social marketing and social change. San Francisco, CA: Jossey-Bass.

MLA

Lefebvre R Craig, . Social marketing and social change. San Francisco, CA: Jossey-Bass. 2013.

  • Place hold
  • Print
  • Cite
  • Add to your cart (remove)
  • Save record
    BIBTEX Dublin Core MARCXML MARC (non-Unicode/MARC-8) MARC (Unicode/UTF-8) MARC (Unicode/UTF-8, Standard) MODS (XML) RIS
  • More searches
    Search for this title in:
    Other Libraries (WorldCat) Other Databases (Google Scholar) Online Stores (Bookfinder.com) Open Library (openlibrary.org)

Exporting to Dublin Core...

SOUTHVILLE LIBRARY

Southville International School and Colleges Library

1281 Tropical Ave. Cor. Luxembourg St., BF Homes International, Las Pinas City

Tel. No. 8256374 / 252358 Loc. 117/146

Powered by Koha